000 01561namaa22003611i 4500
005 20260407124318.0
008 260407s1994 ua ado|frm||| 001 0 eng d
040 _aEG-GICUC
_beng
_cEG-GICUC
_dEG-GICUC
_erda
041 0 _aeng
_beng
_bara
049 _aDeposit
097 _aPh.D
099 _aCai01.11.24.Ph.D.1994.Mo.P
100 0 _a Mohamed Salah El-Din Abdel Hamid Zaatar
_epreparation.
245 1 0 _aPosterior chamber intraocular lens implantation in patients with controlled glaucoma /
_cBy Mohamed Salah El-Din Abdel Hamid Zaatar ; Supervised By Dr. Osam El-Hofi, Dr. Beshr Kenawi, Dr. Samia Sabry, Dr. Hassam Anis
246 1 5 _aزرع العدسات فى الخزانة الخلفية فى مرضى المياه الزرقاء المتحكم فيها
264 0 _c1994.
300 _a107 pages :
_billustrations ;
_c30 cm. +
336 _2rda content
_atext
337 _2rdamedia
_aUnmediated
338 _2rdacarrier
_avolume
502 _aThesis (Ph.D)-Cairo University, 1994.
504 _aBibliography: pages 97-107
653 0 _aopthalmology
653 0 _aglaucoma
653 0 _alens implantation
700 0 _aDr. Osam El-Hofi.
_ethesis advisor.
700 0 _aDr. Beshr Kenawi
_ethesis advisor.
700 0 _aDr. Samia Sabry
_ethesis advisor.
700 0 _aDr. Hassam Anis
_ethesis advisor.
900 _DDepartment of opthalmology
_FFaculty of medicine
_UCairo University
_b1994
_cDr. Beshr Kenawi
_cDr. Osam El-Hofi
_cDr. Samia Sabry
_cDr. Hassam Anis
_d Dr. Osam El-Hofi
905 _aNermeen-A
942 _2ddc
_cTH
_e21
_n0
999 _c179264